Statistiques concernant Alphonse Daudet

Cliquez ici pour prendre le quiz!

Statistiques générales

  • Ce quiz a été pris 27 fois
  • Le résultat moyen est 10 sur 22

Statistiques - réponses

questionRéponse% Correct
son année de naissance : 1830 ou 18401840
100%
à quel âge est-il mort : 57 ou 62 ans57
96%
la chèvre de Monsieur ...Seguin
91%
le curé de ...Cucugnan
70%
recueil de nouvelles qui l'ont rendu célèbre (5 mots)les lettres de mon moulin
70%
dans quel cimetière parisien est-il inhuméPère Lachaise
70%
son grand ami écrivain : Frédéric ...Mistral
61%
les trois ... bassesmesses
57%
la mule du ...pape
52%
le sous-préfet aux ...champs
48%
le secret de Maître ...Cornille
48%
lieu de naissanceNîmes
35%
En 1873 il publie "les contes du ..."lundi
30%
l'... (la femme invisible)arlesienne
26%
la diligence de ...Beaucaire
26%
l'élixir du Révérend Père ...Gaucher
26%
roman autobiographique où il évoque son passé de maître d'étude au collège d'Alès (3 mots)le petit chose
22%
à cette occasion,quel écrivain a prononcé le discours d'usageEmile Zola
17%
maladie dont il souffraitsyphilis
17%
le phare des ...Sanguinaires
13%
l'agonie de laSemillante
13%
son surnompiccolo
0%

Distribution des résultats

Percentile par nombre de réponses

% des personnes avec chaque résultat

Votre développement - résultats

Vous n’avez pas pris ce quiz